000 01163cam a22002054a 4500
005 20250605164329.0
008 250528s ||||||||||||||||||||||||d
035 _a23178
020 _a9780072406559
040 _aGR-AtMCL
_bgre
_dGR-AtMCL
_eAACR2
245 1 _aHeat Transfer / Ninth Edition
250 _a9th
260 _bMcgraw Hill,
_c2002
300 _a668
520 _aThis book retains a straight - forword writing style while covering both analytical and empirical approaches to the subject. Preface, Introduction, Steady - State Conduction and One Dimension, Steady - State Conduction and Multiple Dimensions, Unsteady - State Conduction, Principles of Convention, Empirical and Practical Relations for Forced - Convention Heat Transfer, Natural Convection Systems, Radiation Heat Transfer, Condensation and Boiling Heat Transfer, Heat Exchangers, Mass Transfer, Tables, Appendices, Exact Solutions of Laminar - Boundary - Layer Equations, Analytical Rlations for the Heisler Charts, Use of Microsoft Excel for Solution of Heat - Transfer Problems, Index.
700 1 _aHolman J.P
_93664
942 _cBK
999 _c8208
_d8208